Ol' Dirty Bastard - Return to the 36 Chambers tracklist - Statistics

General Stats
  • This quiz has been taken 9 times
  • The average score is 11 of 17
Answer Stats
# Answer % Correct
4. Brooklyn Zoo
100%
13. Brooklyn Zoo II (Tiger Crane)
100%
14. Protect Ya Neck II the Zoo
86%
6. Raw Hide
86%
2. Shimmy Shimmy Ya
86%
15. Cuttin' Headz
71%
16. Dirty Dancin'
71%
17. Harlem World
71%
12. Snakes
71%
7. Damage
57%
5. Hippa to Da Hoppa
57%
1. Intro
57%
3. Baby C'mon
43%
9. The Stomp
43%
8. Don't U Know
29%
11. Drunk Game (Sweet Sugar Pie)
29%
10. Goin' Down
29%
No matching quizzes found
Score Distribution
Percent of People with Each Score
Percentile by Number Answered
Your Score History
You have not taken this quiz